000 00670nam a22001697a 4500
008 170428b xxu||||| |||| 00| 0 eng d
082 _22016
_aUT 0772
_bAn22
100 _920605
_aAndales, Frienjay C.
245 _aLevel of Student classroom engagement and academic achievement of Criminology students of UM DIgos College.
_cFrienjay C. Andales, Gimar A. Maurillo, Jeffrey F. Cueme and Kervin P. Cain.
300 _a33 pages;
_b29 cm.
650 0 _920606
_aCriminology
_xUndergraduate Thesis.
700 _920607
_aAndales, Frienjay C.
700 _920608
_aMaurillo, Gimar A.
700 _920609
_aCueme, Jeffrey F.
700 _920610
_aCain, Kervin P.
942 _2ddc
_cUT
999 _c6799
_d6799